000 01098nam a22002657a 4500
001 BD-DhSAU 9278
003 BD-DhSAU
005 20260513112823.0
008 260513b2018 bg a|||| m||| 00| 0 eng d
040 _aBD-DhSAU
082 _222
_a636.085
_bB9642
100 _aMIM, BUSHRA AKTER
_eRegistration # 18-08814
245 _aComparative effects of antibiotic and prebiotic on growth performance and carcass traits in broiler chicken /
_bMS thesis
260 _aSher-e-Bangla Agricultural University;
_bDepartment of Animal nutrition, genetics and breeding ;
_c2024.
300 _axv, 64p. :
_bill. ;
_c30 cm.
500 _aMS thesis of Department of Animal nutrition, genetics and breeding ;, ;, Faculty of ASVM. Sher-e-Balgla Agricultural University Dhaka-1207
504 _aIncludes bibliographical reference.
590 _aNazmul
650 _aantibiotic and prebiotic
650 _acarcass traits in broiler chicken
700 _aProf. Dr. Md. Mufazzal Hossain
_eSuperviser
710 _eCo-Superviser
_a Md. Mahfuj Ullah Patoary
942 _2ddc
_cTHESIS
999 _c18402
_d18401